| 000 | 00000nam 2200000zi 4500 |
| 001 | 9.927861 |
| 003 | CaOODSP |
| 005 | 20240131134231 |
| 006 | m o d f |
| 007 | cr mn||||||||| |
| 008 | 230927t20232023qucda ob f000 0 eng d |
| 020 | |a9780660681030 |
| 040 | |aCaOODSP|beng|erda|cCaOODSP |
| 043 | |an-cn--- |
| 086 | 1 |aIu54-125/2023E-PDF |
| 245 | 00|aCompetition in Canada from 2000 to 2020 : |ban economy at a crossroads. |
| 264 | 1|aGatineau QC : |bCompetition Bureau Canada = Bureau de la concurrence Canada, |c2023. |
| 264 | 4|c©2023 |
| 300 | |a1 online resource (64 pages) : |bcharts, illustrations |
| 336 | |atext|btxt|2rdacontent |
| 337 | |acomputer|bc|2rdamedia |
| 338 | |aonline resource|bcr|2rdacarrier |
| 500 | |aIssued also in French under title: La concurrence au Canada de 2000 à 2020 : une économie à la croisée des chemins. |
| 504 | |aIncludes bibliographical references. |
| 650 | 0|aCompetition|zCanada. |
| 650 | 0|aCompetition|xGovernment policy|zCanada. |
| 710 | 1 |aCanada. |bCompetition Bureau, |eissuing body. |
| 775 | 08|tLa concurrence au Canada de 2000 à 2020 : |w(CaOODSP)9.927862 |
| 856 | 40|qPDF|s3.35 MB|uhttps://publications.gc.ca/collections/collection_2024/isde-ised/Iu54-125-2023-eng.pdf |
| 856 | 4 |qHTML|sN/A|uhttps://ised-isde.canada.ca/site/competition-bureau-canada/en/how-we-foster-competition/education-and-outreach/competition-canada-2000-2020-economy-crossroads |